000 00506 a2200169 4500
020 _c975.00
035 _aB-211639
037 _bRP-RKP-8-183 / UBH-07-08:9 / RP-07-08:ENG
082 1 4 _aN
090 _c4934
_d4934
100 1 _aRowling, J.K.
245 1 _aHarry Potter and the deathly hallows
_cby J.K. Rowling
260 _aLondon
_bBloomsvury Publishing
300 _a607 p
942 _adpl
_cEN
_kN / ROW
999 _c4841
_d4841